[Event "ICS Rated standard match"]
[Site "207.99.83.229"]
[Date "1999.07.12"]
[Round "?"]
[White "fishless"]
[Black "Hossa"]
[Result "0-1"]
[WhiteElo "1998"]
[BlackElo "2134"]
[PlyCount "115"]

1. e4 e5 2. Nf3 Nf6 3. d3 Nc6 4. Nc3 Bb4 5. Bd2 d5 6. exd5 Nxd5 7. Nxd5 Bxd2+
8. Qxd2 Qxd5 9. Be2 Bf5 10. Nh4 Be6 11. Nf3 O-O-O 12. O-O e4 13. Ne1 Rhe8 14.
Qf4 Nd4 15. Bg4 exd3 16. Nxd3 Nxc2 17. Rad1 Bxg4 18. Qxg4+ Re6 19. Nb4 Qxd1 20.
Rxd1 Rxd1+ 21. Qxd1 Re1+ 22. Qxe1 Nxe1 23. Kf1 c5 24. Nd5 Nd3 25. b3 Kd7 26.
Nc3 f5 27. Ke2 Nf4+ 28. Kf3 Ne6 29. Ke3 a5 30. Kd3 Kc6 31. Ne2 g5 32. Ng3 Nf4+
33. Kc3 Nxg2 34. Nxf5 Nf4 35. h4 gxh4 36. Nxh4 b5 37. Kd2 c4 38. Nf5 Kc5 39.
bxc4 bxc4 40. a3 Nd5 41. Kc2 h5 42. Kd2 Nc7 43. Nh4 Nb5 44. a4 Nd6 45. f4 Kb4
46. f5 Ne4+ 47. Ke3 c3 48. Kd3 Kb3 49. Nf3 Nc5+ 50. Ke3 c2 51. Nd4+ Kb2 52.
Nxc2 Kxc2 53. f6 h4 54. Kf4 h3 55. Kg3 Ne4+ 56. Kxh3 Nxf6 57. Kg3 Nd5 58. Kf3 {
fishless resigns} 0-1

[Event "ICS rated blitz match"]
[Site "207.99.83.229"]
[Date "1999.07.12"]
[Round "?"]
[White "Hossa"]
[Black "Kengtin"]
[Result "1-0"]
[WhiteElo "2454"]
[BlackElo "2125"]
[PlyCount "21"]

1. e4 c5 2. Nf3 e6 3. c3 a6 4. Be2 d6 5. d4 Qc7 6. O-O Nd7 7. Nbd2 Ngf6 8. Re1
Be7 9. e5 dxe5 10. dxe5 Nxe5 11. Nxe5 {Kengtin resigns} 1-0

[Event "ICS Rated standard match"]
[Site "207.99.83.229"]
[Date "1999.07.12"]
[Round "?"]
[White "ChessBlade"]
[Black "Hossa"]
[Result "0-1"]
[WhiteElo "1914"]
[BlackElo "2144"]
[PlyCount "32"]

1. c4 Nf6 2. d4 e6 3. Nf3 c5 4. d5 exd5 5. cxd5 Qa5+ 6. Bd2 Qb6 7. Bc3 Be7 8.
Nbd2 Nxd5 9. Bxg7 Rg8 10. Be5 d6 11. Nc4 Qb4+ 12. Qd2 Qxc4 13. e3 Qb4 14. Qxb4
Nxb4 15. Bc3 Nc2+ 16. Kd1 16... Nxa1 {ChessBlade resigns} 0-1

[Event "ICS rated standard match"]
[Site "207.99.83.229"]
[Date "1999.07.12"]
[Round "?"]
[White "Hossa"]
[Black "latent"]
[Result "1-0"]
[WhiteElo "2157"]
[BlackElo "1938"]
[PlyCount "53"]

1. e4 d5 2. exd5 Nf6 3. d4 Bg4 4. Bb5+ Nbd7 5. f3 a6 6. Ba4 Bf5 7. Nc3 b5 8.
Bb3 Nb6 9. Nge2 Nfxd5 10. Nxd5 Nxd5 11. O-O e6 12. Ng3 Bg6 13. f4 Bd6 14. f5
Bxg3 15. fxg6 Bxh2+ 16. Kxh2 hxg6+ 17. Kg1 Qh4 18. Bxd5 Qh2+ 19. Kf2 exd5 20.
Qe2+ Kd7 21. Bg5 Rae8 22. Qf3 Kc6 23. Rh1 Qd6 24. Rxh8 Rxh8 25. Re1 f6 26. Bf4
Qd7 27. Qa3 {latent resigns} 1-0

[Event "ICS rated standard match"]
[Site "207.99.83.229"]
[Date "1999.07.12"]
[Round "?"]
[White "Hossa"]
[Black "Themaster69"]
[Result "0-1"]
[WhiteElo "2164"]
[BlackElo "2372"]
[PlyCount "107"]

1. e4 c5 2. Nf3 e6 3. c3 d5 4. exd5 exd5 5. Bb5+ Bd7 6. Bxd7+ Nxd7 7. O-O Bd6
8. Qb3 Ne7 9. Qxb7 Qb8 10. Qxb8+ Rxb8 11. d4 O-O 12. dxc5 Nxc5 13. Rd1 Rfe8 14.
b3 Ne4 15. Re1 Nf5 16. Bb2 Bc5 17. Rf1 Rbc8 18. a4 Nxf2 19. Ba3 Nh3+ 20. Kh1
Ne3 21. Bxc5 Rxc5 22. Re1 Nf2+ 23. Kg1 Nd3 24. Re2 Nc1 25. Re1 Nxb3 26. Ra3 Na5
27. Nd4 Nac4 28. Rb3 Kf8 29. Re2 Ra5 30. Rb4 Nb6 31. Ra2 Nd1 32. h4 Rc5 33. a5
Nc8 34. Ra3 Re1+ 35. Kh2 Ne3 36. a6 Nf1+ 37. Kh3 Re3+ 38. Nf3 Rc6 39. Ra2 Re8
40. Rb7 Rg6 41. g4 Rf6 42. Ng5 Kg8 43. Kg2 h6 44. Nh3 Ne3+ 45. Kg3 Nd6 46. g5
Rf1 47. Nd2 Rh1 48. Nf2 Ndf5+ 49. Kf3 Nxh4+ 50. Ke2 Nd1+ 51. Kd3 Nxf2+ 52. Kc2
Re2 53. Kb3 Nd3 54. Kc2 {Hossa resigns} 0-1

[Event "ICS Rated blitz match"]
[Site "207.99.83.229"]
[Date "1999.07.12"]
[Round "?"]
[White "nimraz"]
[Black "Hossa"]
[Result "0-1"]
[WhiteElo "2203"]
[BlackElo "2458"]
[Annotator "saj"]
[PlyCount "86"]
[EventDate "1999.??.??"]

1. d4 Nf6 2. c4 Nc6 3. Nc3 ({RR} 3. Bg5 3... h6 4. Bxf6 exf6 5. Nc3 f5 6. e3
Bb4 7. Nge2 d6 8. g3 Bd7 9. Bg2 Qf6 10. O-O Bxc3 11. Nxc3 Ne7 12. b4 c6 13. b5
O-O 14. bxc6 bxc6 15. Rb1 Rab8 16. Qa4 Rxb1 17. Rxb1 17... f4 {
Mensch,E-Hagesaether,H/Budapest 1998/CBM 63 ext/0-1 (33)}) ({RR} 3. Nf3 3... g6
4. d5 Nb8 5. b3 d6 6. Bb2 Bg7 7. g3 Nbd7 8. Bg2 e6 9. dxe6 fxe6 10. O-O Qe7 11.
Nbd2 e5 12. Ng5 Nf8 13. Nge4 c6 14. Nxf6+ Bxf6 15. Ne4 d5 16. cxd5 cxd5 17.
Nxf6+ Qxf6 18. Qxd5 Nd7 19. Rac1 {
1-0 Beltre,A-Graham,J/New York 1998/EXT 99 (19)}) 3... e5 4. d5 4... Nb4 $146 (
{RR} 4... Nd4 5. e3 Nf5 6. e4 Nh4 7. f4 Ng6 8. f5 Nf4 9. Bxf4 exf4 10. Qf3 Bd6
11. Nh3 c6 12. Nxf4 O-O 13. Nd3 Re8 14. c5 Be5 15. Nxe5 Rxe5 16. O-O-O cxd5 17.
exd5 d6 18. c6 Qc7 19. Nb5 {Sy,A-Mabile,B/Dubai 1986/TD/1-0 (43)}) 5. a3 Na6 6.
e4 Nc5 7. f3 Be7 8. b4 Na6 9. c5 Nh5 10. g3 Bf6 11. Bd2 O-O 12. Be2 Qe8 13. f4
exf4 14. g4 Bxc3 15. Bxc3 Qxe4 16. Nf3 Re8 17. Ra2 Qxf3 18. Qd4 Qxh1+ 19. Kd2
Qxh2 20. gxh5 Qxe2+ 21. Kc1 Qe3+ 22. Qxe3 Rxe3 23. Bd4 Re1+ 24. Kd2 Rh1 25. Kd3
Rxh5 26. d6 f6 27. Re2 Rh3+ 28. Kc4 cxd6 29. cxd6 Rxa3 30. b5 Ra4+ 31. Kd5 Nb4+
32. Kc4 Nc6+ 33. Kc3 Nxd4 34. Re7 f3 35. Kd3 f2 36. Re8+ Kf7 37. Re7+ Kg6 38.
Kc3 Nxb5+ 39. Kb3 Ra3+ 40. Kb2 f1=Q 41. Rxg7+ Kxg7 42. Kc2 Nd4+ 43. Kd2 43...
Rd3# {nimraz checkmated} 0-1

[Event "ICS Rated bullet match"]
[Site "207.99.83.229"]
[Date "1999.07.12"]
[Round "?"]
[White "DiepX"]
[Black "Hossa"]
[Result "1-0"]
[WhiteElo "2577"]
[BlackElo "2401"]
[PlyCount "110"]
[EventDate "1999.??.??"]

1. e4 d6 2. Nc3 e5 3. Nf3 Nc6 4. d4 Bg4 5. Bb5 exd4 6. Qxd4 Bxf3 7. gxf3 f5 8.
Qc4 Nge7 9. Be3 fxe4 10. fxe4 a6 11. Bxc6+ Nxc6 12. Qe6+ Qe7 13. Qg4 Ne5 14.
Qh3 Qd7 15. Qxd7+ Kxd7 16. Ke2 Re8 17. b3 Kc8 18. f3 Nc6 19. Nd5 g6 20. Rad1
Bg7 21. Rhg1 Rhf8 22. h3 Bb2 23. c3 Ba3 24. Bf2 Kb8 25. Bh4 Re6 26. Bg5 Rf7 27.
b4 Re8 28. Rb1 Ne5 29. Rgf1 Nc4 30. Ne3 Nb2 31. Nc2 Na4 32. Nxa3 Nxc3+ 33. Kd3
Nxb1 34. Nxb1 a5 35. bxa5 Re5 36. h4 Rxa5 37. Nc3 Rc5 38. Rf2 Kc8 39. Nd5 b5
40. Be3 Rc4 41. f4 Kd7 42. Rb2 Kc6 43. Nc3 Re7 44. Bd4 Rxc3+ 45. Bxc3 Rf7 46.
Ke3 Rf8 47. Ba5 Rf7 48. Rb3 Re7 49. Kd4 Rd7 50. Rb2 Re7 51. Rc2+ Kb7 52. Kd5
Kc8 53. Rc3 Kd8 54. Rxc7 Rxc7 55. Kxd6 55... Ke8 {Hossa resigns} 1-0

[Event "ICS rated bullet match"]
[Site "207.99.83.229"]
[Date "1999.07.12"]
[Round "?"]
[White "Hossa"]
[Black "DiepX"]
[Result "0-1"]
[WhiteElo "2392"]
[BlackElo "2586"]
[PlyCount "79"]
[EventDate "1999.??.??"]

1. d4 d5 2. c4 c6 3. Nf3 Nf6 4. Nc3 e6 5. Bg5 h6 6. Bxf6 Qxf6 7. Qa4 Nd7 8. e4
dxe4 9. Nxe4 Qg6 10. Nfd2 Be7 11. O-O-O Nb6 12. Qa5 O-O 13. Re1 Bd8 14. Qc5 Bc7
15. Qe7 Bd7 16. Nc5 Rae8 17. Qh4 e5 18. Nxb7 exd4 19. Re4 Bf5 20. Re7 Nc8 21.
Re2 d3 22. Re3 Rxe3 23. fxe3 Re8 24. e4 Bxe4 25. Nc5 Bf5 26. g4 Bf4 27. Bh3
Bxd2+ 28. Kxd2 Qd6 29. gxf5 Qxc5 30. Kxd3 Re3+ 31. Kd2 Qe5 32. Kc1 Re2 33. Qd8+
Kh7 34. Qd3 Qxb2+ 35. Kd1 Rf2 36. f6+ g6 37. Ke1 Nd6 38. Bd7 Ne4 39. Bg4 Qxa2
40. Qd4 {Hossa resigns} 0-1

[Event "ICS Rated blitz match"]
[Site "207.99.83.229"]
[Date "1999.07.12"]
[Round "?"]
[White "blazers"]
[Black "Hossa"]
[Result "0-1"]
[WhiteElo "2001"]
[BlackElo "2464"]
[PlyCount "86"]
[EventDate "1999.??.??"]

1. d4 d5 2. c4 c6 3. Nc3 Nf6 4. Bg5 dxc4 5. e3 Be6 6. a4 Nbd7 7. Nf3 Qa5 8.
Bxf6 gxf6 9. Nd2 Nb6 10. Qc1 O-O-O 11. Be2 Rg8 12. Kf1 Qg5 13. Rg1 Qh6 14. a5
Nd5 15. Bxc4 Nc7 16. Bxe6+ fxe6 17. Nf3 e5 18. dxe5 fxe5 19. Ne4 Qg6 20. Qc4
Bg7 21. Nc5 Rd5 22. e4 Rdd8 23. a6 b5 24. Qb3 Rge8 25. Rc1 Bh6 26. Ra1 Bf4 27.
g3 Bh6 28. Kg2 Bg7 29. Rac1 Rf8 30. Qc3 Rd6 31. Rgd1 Qg4 32. Rxd6 exd6 33. Nb7
Rf6 34. Rd1 Bf8 35. Rd3 Qxe4 36. Kg1 Be7 37. Re3 b4 38. Qb3 Qb1+ 39. Kg2 Nd5
40. Rd3 e4 41. Nd4 exd3 42. Nxc6 Ne3+ 43. fxe3 43... Qf1# {blazers checkmated}
0-1

[Event "ICS Rated bullet match"]
[Site "207.99.83.229"]
[Date "1999.07.12"]
[Round "?"]
[White "DiepX"]
[Black "Hossa"]
[Result "1-0"]
[WhiteElo "2594"]
[BlackElo "2384"]
[PlyCount "101"]
[EventDate "1999.??.??"]

1. e4 g6 2. Nc3 Nc6 3. d4 Bg7 4. Be3 e5 5. d5 Nb8 6. d6 Nf6 7. Nb5 Na6 8. dxc7
Nxc7 9. Nd6+ Kf8 10. Bc4 Ne6 11. Nf3 Qa5+ 12. c3 Ng4 13. O-O Nxe3 14. fxe3 Qb6
15. Qd2 Kg8 16. Bxe6 fxe6 17. Nxc8 Rxc8 18. Ng5 Rc7 19. Qf2 d5 20. Nf7 h6 21.
Rad1 Qa5 22. exd5 exd5 23. e4 dxe4 24. Rd8+ Kh7 25. Nxh8 Bxh8 26. Qf8 Qc5+ 27.
Qxc5 Rxc5 28. Rf7+ Bg7 29. Rdd7 Kh8 30. Rxg7 a5 31. Rxb7 Rd5 32. Rxg6 Rd1+ 33.
Kf2 h5 34. Rg5 Rd5 35. Rxh5+ Kg8 36. Ke3 a4 37. Rg5+ Kf8 38. Kxe4 Rd2 39. Rf5+
Kg8 40. Rxe5 Re2+ 41. Kd5 Rd2+ 42. Kc6 Rd8 43. Ra5 Rf8 44. Rxa4 Rf6+ 45. Kd5
Rf5+ 46. Ke6 Rf8 47. Rg4+ Kh8 48. Rb5 Re8+ 49. Kf7 Rf8+ 50. Kxf8 Kh7 51. Rh5# {
Hossa checkmated} 1-0

[Event "ICS Rated bullet match"]
[Site "207.99.83.229"]
[Date "1999.07.12"]
[Round "?"]
[White "Hossa"]
[Black "DiepX"]
[Result "0-1"]
[WhiteElo "2377"]
[BlackElo "2601"]
[PlyCount "84"]
[EventDate "1999.??.??"]

1. d4 Nf6 2. c4 e6 3. Nc3 Bb4 4. Bg5 c5 5. e4 Qa5 6. Bxf6 Bxc3+ 7. Ke2 gxf6 8.
bxc3 Qxc3 9. dxc5 Nc6 10. Qc1 Qe5 11. Qb1 f5 12. f3 fxe4 13. fxe4 Qxc5 14. Nf3
Qxc4+ 15. Kf2 Qc5+ 16. Ke2 d5 17. Qb2 O-O 18. exd5 exd5 19. Qd2 Bf5 20. Rc1
Rae8+ 21. Kd1 Qb6 22. Rc3 Qb1+ 23. Rc1 Qb4 24. Qg5+ Bg6 25. Bd3 Qa4+ 26. Bc2
Qxa2 27. Rf1 Nb4 28. Nd4 Qc4 29. Rf4 Nd3 30. Ne6 Qc3 31. Qg3 Nb2+ 32. Ke2 Rxe6+
33. Kf1 Qd2 34. Ra1 Qxc2 35. Kg1 Nd3 36. Rd4 Qb2 37. Rda4 Qb6+ 38. Kf1 Rf6+ 39.
Ke2 Rf2+ 40. Qxf2 Qxf2+ 41. Kd1 Nb2+ 42. Kc1 42... Qc2# {Hossa checkmated} 0-1

[Event "ICS Rated blitz match"]
[Site "207.99.83.229"]
[Date "1999.07.12"]
[Round "?"]
[White "Hossa"]
[Black "JudgeTurpin"]
[Result "1/2-1/2"]
[WhiteElo "2464"]
[BlackElo "2502"]
[PlyCount "237"]
[EventDate "1999.??.??"]

1. d4 d5 2. c4 c6 3. Nc3 Nf6 4. cxd5 cxd5 5. Bg5 Ne4 6. Nxe4 dxe4 7. Rc1 Na6 8.
f3 Qd5 9. Bf4 Qxa2 10. fxe4 Qxb2 11. Kf2 f5 12. Rb1 Qa2 13. exf5 Bxf5 14. Rxb7
Be4 15. Qb3 Qxb3 16. Rxb3 g5 17. Bxg5 Rg8 18. Bf4 Rc8 19. Nf3 Rc2 20. Ng5 Bd5
21. Ra3 Bh6 22. Rxa6 Bxg5 23. Bxg5 Rxg5 24. Rxa7 Rf5+ 25. Kg3 Rc3+ 26. Kg4 Be6
27. Kh4 Rc1 28. Ra8+ Kf7 29. Rh8 Kg6 30. Re8 Kf6 31. Rh8 Rfxf1 32. Rxf1+ Rxf1
33. Rxh7 Rf4+ 34. Kg3 Rxd4 35. e3 Rd2 36. e4 Rd4 37. e5+ Kxe5 38. Rxe7 Rd3+ 39.
Kh4 Kf6 40. Rh7 Rd2 41. Rh6+ Kf7 42. g4 Rxh2+ 43. Kg5 Rg2 44. Rf6+ Ke7 45. Rf4
Kd6 46. Re4 Kd5 47. Rb4 Ke5 48. Ra4 Bd7 49. Rf4 Rg3 50. Rb4 Rg1 51. Rc4 Kd5 52.
Rf4 Rg2 53. Kh5 Re2 54. g5 Be6 55. Kg6 Ke5 56. Rf8 Bd7 57. Kg7 Rg2 58. g6 Bf5
59. Rf6 Rd2 60. Rc6 Be4 61. Rc7 Rg2 62. Re7+ Kd5 63. Rxe4 Kxe4 64. Kf7 Ra2 65.
g7 Rf2+ 66. Kg8 Ke5 67. Kh7 Kf6 68. g8=N+ Ke6 69. Kg6 Rg2+ 70. Kh7 Rg5 71. Nh6
Rg3 72. Ng8 Rg1 73. Nh6 Rg5 74. Ng8 Rg3 75. Nh6 Rg1 76. Ng8 Rg2 77. Nh6 Ke5 78.
Ng8 Rg5 79. Ne7 Kf6 80. Ng8+ Kf7 81. Nh6+ Ke7 82. Ng8+ Ke8 83. Nh6 Kf8 84. Kh8
Ke7 85. Kh7 Kf6 86. Ng8+ Kf7 87. Nh6+ Ke6 88. Ng8 Rg3 89. Nh6 Rg1 90. Ng8 Rg2
91. Nh6 Kf6 92. Ng8+ Kf7 93. Nh6+ Ke6 94. Ng8 Rg4 95. Nh6 Rg3 96. Ng8 Rg5 97.
Nh6 Ke7 98. Ng8+ Kd6 99. Nf6 Rg2 100. Kh6 Ke6 101. Ne4 Ke5 102. Ng5 Rg3 103.
Nh7 Kf5 104. Nf8 Rg8 105. Nh7 Rg6+ 106. Kh5 Rg3 107. Kh6 Rg8 108. Kh5 Rg6 109.
Nf8 Ra6 110. Nh7 Ra7 111. Kh6 Re7 112. Ng5 Rd7 113. Nf3 Rd3 114. Ng5 Rd6+ 115.
Kh5 Rd7 116. Kh4 Rg7 117. Nh3 Rg4+ 118. Kh5 Rg3 119. Kh4 {
Game drawn by the 50 move rule} 1/2-1/2

[Event "ICS rated blitz match"]
[Site "207.99.83.229"]
[Date "1999.07.12"]
[Round "?"]
[White "Hossa"]
[Black "nimraz"]
[Result "1-0"]
[WhiteElo "2474"]
[BlackElo "2264"]
[PlyCount "38"]
[EventDate "1999.??.??"]

1. d4 c5 2. dxc5 Na6 3. e4 Nxc5 4. Nc3 d6 5. Bd3 g6 6. Nge2 Bg7 7. O-O Nf6 8.
Be3 O-O 9. f3 e5 10. Bc4 Be6 11. Bxe6 Nxe6 12. Qd2 Qa5 13. Rad1 Rfd8 14. Kh1
Rac8 15. Bh6 Bh8 16. Nd5 Nxd5 17. Qxa5 Nb6 18. Qxa7 Nc4 19. Qxb7 19... Nxb2 {
nimraz resigns} 1-0

[Event "ICS rated blitz match"]
[Site "207.99.83.229"]
[Date "1999.07.12"]
[Round "?"]
[White "nimraz"]
[Black "Hossa"]
[Result "1/2-1/2"]
[WhiteElo "2257"]
[BlackElo "2481"]
[PlyCount "102"]
[EventDate "1999.??.??"]

1. e4 d6 2. d4 Nf6 3. Nc3 Nbd7 4. f4 e5 5. Nf3 exd4 6. Qxd4 Be7 7. Qf2 Nc5 8.
Bd3 d5 9. e5 Nfe4 10. Qd4 Nxc3 11. Qxc3 Ne4 12. Bxe4 dxe4 13. Nd2 Bf5 14. Nc4
Bh4+ 15. g3 Be7 16. Ne3 Be6 17. Bd2 c6 18. O-O-O Bxa2 19. Nf5 Bf8 20. Be3 Bd5
21. Bc5 Qd7 22. Bxf8 Qxf5 23. Bxg7 Rg8 24. Bf6 Qc8 25. Qc5 Qe6 26. f5 Qd7 27.
c4 b6 28. Qd4 Rc8 29. Kb1 e3 30. cxd5 e2 31. Rde1 Qxf5+ 32. Ka1 Rg4 33. Qxg4
Qxg4 34. d6 Kf8 35. h3 Qc4 36. Rh2 Qa4+ 37. Kb1 Qd1+ 38. Rxd1 exd1=Q+ 39. Ka2
Re8 40. h4 a5 41. g4 Qxg4 42. Rd2 Re6 43. d7 Qa4+ 44. Kb1 Qe4+ 45. Ka2 Qa4+ 46.
Kb1 Qe4+ 47. Kc1 Qc4+ 48. Kb1 Qe4+ 49. Kc1 Qc4+ 50. Kb1 Qe4+ 51. Ka2 51... Qa4+
{Game drawn by repetition} 1/2-1/2

[Event "ICS rated blitz match"]
[Site "207.99.83.229"]
[Date "1999.07.12"]
[Round "?"]
[White "Hossa"]
[Black "nimraz"]
[Result "1-0"]
[WhiteElo "2472"]
[BlackElo "2266"]
[PlyCount "73"]
[EventDate "1999.??.??"]

1. d4 g6 2. e4 c5 3. dxc5 Bg7 4. Bd3 Qa5+ 5. Nd2 Qxc5 6. Ne2 Nf6 7. Nb3 Qc7 8.
O-O Ng4 9. Nf4 h5 10. h3 Be5 11. Nd5 Bh2+ 12. Kh1 Qd6 13. f4 Bg3 14. Qf3 e6 15.
Qxg3 exd5 16. hxg4 hxg4+ 17. Kg1 dxe4 18. Bxe4 f5 19. Qc3 O-O 20. Qc4+ Kg7 21.
Bd5 Nc6 22. Be3 b6 23. Bd4+ Kh6 24. Be5 Qe7 25. Bxc6 dxc6 26. Kf2 g3+ 27. Kxg3
g5 28. Qxc6+ Be6 29. Nd4 Rae8 30. Bd6 gxf4+ 31. Kh2 Qh4+ 32. Kg1 Rg8 33. Nxe6
Rxe6 34. Bxf4+ Kh5 35. Qxe6 Rxg2+ 36. Kxg2 Qg4+ 37. Bg3 {nimraz resigns} 1-0

[Event "ICS rated blitz match"]
[Site "207.99.83.229"]
[Date "1999.07.12"]
[Round "?"]
[White "miitrei"]
[Black "Hossa"]
[Result "0-1"]
[WhiteElo "2216"]
[BlackElo "2479"]
[PlyCount "64"]
[EventDate "1999.??.??"]

1. d4 Nf6 2. c4 g6 3. Nc3 d5 4. Nf3 c6 5. cxd5 cxd5 6. Bf4 Bg7 7. e3 O-O 8. Bd3
Nc6 9. Rc1 Bg4 10. h3 Be6 11. Ne5 Qb6 12. Qe2 Nh5 13. Bh2 Nxe5 14. Bxe5 Bxe5
15. dxe5 Rac8 16. O-O f6 17. exf6 Nxf6 18. Na4 Qb4 19. b3 Bd7 20. Nb2 Qh4 21.
Qf3 Rxc1 22. Rxc1 Ne4 23. Bxe4 Rxf3 24. Bxf3 Bc6 25. Nd3 Qf6 26. Nb4 Qd6 27. a3
a5 28. Nc2 Qc5 29. Bd1 Qc3 30. Rb1 e5 31. b4 Ba4 32. Na1 32... Qd3 {
miitrei resigns} 0-1

[Event "ICS rated blitz match"]
[Site "207.99.83.229"]
[Date "1999.07.12"]
[Round "?"]
[White "Hossa"]
[Black "Highlander3"]
[Result "1-0"]
[WhiteElo "2485"]
[BlackElo "2200"]
[PlyCount "95"]
[EventDate "1999.??.??"]

1. d4 Nf6 2. c4 g6 3. Nc3 Bg7 4. e4 d6 5. f3 O-O 6. Be3 c5 7. dxc5 dxc5 8. Qd3
Nc6 9. O-O-O Qa5 10. Qc2 Be6 11. Qa4 Qxa4 12. Nxa4 b6 13. Nc3 Nd4 14. Nge2
Nxe2+ 15. Bxe2 Rfd8 16. Bg5 h6 17. Bh4 g5 18. Bg3 Nh5 19. Nd5 Bxd5 20. cxd5
Nxg3 21. hxg3 Be5 22. Rxh6 Kg7 23. Rh5 Kg6 24. f4 Bf6 25. e5 Bg7 26. Rxg5+ Kh7
27. Rh1+ Kg8 28. Bd3 Rxd5 29. Rh7 Rxd3 30. Rgxg7+ Kf8 31. Rg4 e6 32. Rh8+ Ke7
33. Rxa8 Kd7 34. Rxa7+ Kc6 35. Rxf7 Re3 36. Rg6 Kd5 37. Rd7+ Ke4 38. Kd2 b5 39.
Rg4 c4 40. f5+ Kxf5 41. Rf4+ Kxe5 42. Kxe3 c3 43. bxc3 b4 44. Re4+ Kf5 45. cxb4
e5 46. Rd6 Kg5 47. Rxe5+ Kg4 48. Rg6# {Highlander3 checkmated} 1-0

[Event "ICS rated blitz match"]
[Site "207.99.83.229"]
[Date "1999.07.12"]
[Round "?"]
[White "nimraz"]
[Black "Hossa"]
[Result "0-1"]
[WhiteElo "2289"]
[BlackElo "2493"]
[PlyCount "64"]
[EventDate "1999.??.??"]

1. e4 d6 2. d4 Nf6 3. Nc3 Nbd7 4. f4 e5 5. Nf3 exd4 6. Qxd4 Be7 7. Be3 O-O 8.
O-O-O Ng4 9. Bg1 Bf6 10. Qd2 Re8 11. h3 Bxc3 12. Qxc3 Ngf6 13. Bd3 Nxe4 14.
Bxe4 Rxe4 15. Bd4 Nf6 16. Ng5 Rxf4 17. Rhf1 Ne4 18. Nxe4 Rxe4 19. Bxg7 Qg5+ 20.
Kb1 Qxg7 21. Qxc7 Re6 22. Rd4 Kh8 23. Rg4 Qf8 24. a3 f5 25. c4 Qf6 26. Ka2 Re2
27. Rd4 Qxd4 28. Qd8+ Kg7 29. Qg5+ Kf8 30. Qh6+ Qg7 31. Qxd6+ Ke8 32. Rd1 32...
Qxb2# {nimraz checkmated} 0-1

[Event "ICS Rated blitz match"]
[Site "207.99.83.229"]
[Date "1999.07.12"]
[Round "?"]
[White "nimraz"]
[Black "Hossa"]
[Result "0-1"]
[WhiteElo "2274"]
[BlackElo "2508"]
[PlyCount "96"]
[EventDate "1999.??.??"]

1. c4 g6 2. h4 e5 3. h5 Bg7 4. hxg6 fxg6 5. Nc3 Nc6 6. d3 Nf6 7. Nf3 d6 8. e4
Bg4 9. Be2 Qd7 10. Be3 O-O-O 11. Nd5 Rhf8 12. O-O h6 13. Re1 Bh5 14. Qa4 a6 15.
Qa3 Qe6 16. b4 Ng4 17. Rec1 Nxe3 18. Nxe3 Nd4 19. Nxd4 exd4 20. Nd5 Bxe2 21. b5
Kd7 22. bxa6 bxa6 23. Qa4+ c6 24. Rab1 Rf7 25. Rb7+ Ke8 26. Qxc6+ Kf8 27. Rcb1
Bxd3 28. Rxf7+ Qxf7 29. Rb7 Qe8 30. Qc7 Be5 31. Qh7 Bxe4 32. Ne7 Bxb7 33. Nxg6+
Qxg6 34. Qxg6 Bg7 35. Qf5+ Ke7 36. c5 dxc5 37. Qxc5+ Rd6 38. Qc7+ Rd7 39. Qc5+
Ke6 40. Qc4+ Ke5 41. Qe2+ Kd6 42. Qc4 Re7 43. Qb4+ Ke6 44. Qc4+ Kf5 45. Qc2+
Kf6 46. Qc3 dxc3 47. Kh2 c2 48. Kg3 48... c1=Q {nimraz resigns} 0-1

[Event "ICS rated blitz match"]
[Site "207.99.83.229"]
[Date "1999.07.12"]
[Round "?"]
[White "Hossa"]
[Black "Highlander3"]
[Result "1-0"]
[WhiteElo "2515"]
[BlackElo "2290"]
[PlyCount "143"]
[EventDate "1999.??.??"]

1. d4 Nf6 2. c4 g6 3. Nc3 Bg7 4. e4 d6 5. f3 O-O 6. Be3 c5 7. dxc5 dxc5 8. Qd3
Nc6 9. O-O-O Qa5 10. Qc2 Be6 11. Qa4 Qxa4 12. Nxa4 b6 13. Nc3 Rfd8 14. Nd5 Nb4
15. Nxe7+ Kf8 16. Rxd8+ Rxd8 17. Nd5 Nxa2+ 18. Kb1 Nb4 19. Ne2 Nfxd5 20. cxd5
Bd7 21. h4 f5 22. h5 fxe4 23. fxe4 Re8 24. hxg6 hxg6 25. Nc3 Kg8 26. Bh6 Bxh6
27. Rxh6 Kg7 28. Rh4 g5 29. Rh5 Kg6 30. Rh1 Rxe4 31. Nxe4 Bf5 32. d6 Bxe4+ 33.
Kc1 Bc6 34. Rh3 Kf5 35. Rh7 Ke6 36. Rxa7 Kxd6 37. Rg7 Nd5 38. Rg6+ Kc7 39. Kd2
b5 40. Rxg5 c4 41. Be2 Nf4 42. Rg4 Nxe2 43. Kxe2 Kd6 44. Kf2 Kc5 45. Rh4 Kb4
46. Rh5 Kb3 47. Rc5 Bd7 48. Rc7 Be8 49. Rc8 Bd7 50. Rd8 Bc6 51. Rd2 b4 52. g4
c3 53. bxc3 bxc3 54. Rd3 Be4 55. Re3 Bg6 56. Ke2 Kb2 57. Re6 Bc2 58. g5 Bb3 59.
Rc6 c2 60. Kd2 Kb1 61. g6 Kb2 62. g7 Kb1 63. Rxc2 Ka1 64. Rc8 Ka2 65. Ra8+ Kb2
66. Rb8 Ka2 67. Rxb3 Kxb3 68. g8=Q+ Kb4 69. Qd5 Ka3 70. Qb5 Ka2 71. Kc3 Ka1 72.
Qb2# {Highlander3 checkmated} 1-0

[Event "ICS rated blitz match"]
[Site "207.99.83.229"]
[Date "1999.07.12"]
[Round "?"]
[White "MiddleHead"]
[Black "Hossa"]
[Result "0-1"]
[WhiteElo "2271"]
[BlackElo "2517"]
[PlyCount "152"]
[EventDate "1999.??.??"]

1. e4 d6 2. d4 Nf6 3. Nc3 Nbd7 4. f3 e5 5. Nge2 Be7 6. Be3 O-O 7. Qd2 Nb6 8.
Ng3 Be6 9. d5 Bd7 10. a4 c6 11. dxc6 bxc6 12. a5 Nc8 13. Be2 Rb8 14. b3 Be6 15.
O-O d5 16. Na4 Bb4 17. c3 Be7 18. Rfd1 Rxb3 19. Nc5 Rb8 20. exd5 cxd5 21. Nxe6
fxe6 22. Qa2 Qc7 23. Rac1 Bc5 24. Bxc5 Qxc5+ 25. Kh1 Ne7 26. c4 Qf2 27. cxd5
exd5 28. Qa3 Ng6 29. Rf1 Qd4 30. Nf5 Qf4 31. Ng3 Rbc8 32. Bd3 Rxc1 33. Rxc1 Nh4
34. Be2 Rb8 35. Rd1 Nf5 36. Nxf5 Qxf5 37. Qd6 Rf8 38. Qc7 Ra8 39. Qb7 Qc8 40.
a6 Qxb7 41. axb7 Rb8 42. Ba6 Kf7 43. Rc1 Ke6 44. Rc6+ Kf5 45. Kg1 g5 46. Rc7 h5
47. Rc8 Nd7 48. Kf2 Ke6 49. Rc6+ Ke7 50. Rg6 Nc5 51. Be2 Ne6 52. Rh6 h4 53. Ba6
Nc5 54. Be2 Rxb7 55. Rh7+ Kd6 56. Rxb7 Nxb7 57. g3 Kc5 58. gxh4 gxh4 59. Kg2
Kd4 60. Kh3 Ke3 61. Bd1 Nc5 62. Kxh4 Kd2 63. Kg5 Kxd1 64. h4 Ke2 65. h5 e4 66.
h6 exf3 67. h7 f2 68. h8=Q f1=Q 69. Qe5+ Ne4+ 70. Kh4 Qh1+ 71. Kg4 Qg2+ 72. Kh4
Qg5+ 73. Qxg5 Nxg5 74. Kxg5 d4 75. Kf5 d3 76. Ke4 76... d2 {MiddleHead resigns}
0-1

[Event "ICS rated blitz match"]
[Site "207.99.83.229"]
[Date "1999.07.12"]
[Round "?"]
[White "Highlander3"]
[Black "Hossa"]
[Result "1-0"]
[WhiteElo "2243"]
[BlackElo "2523"]
[PlyCount "103"]
[EventDate "1999.??.??"]

1. e4 d6 2. d4 Nf6 3. Nc3 Nbd7 4. Nf3 e5 5. dxe5 dxe5 6. Bg5 Bb4 7. Bd3 Bxc3+
8. bxc3 O-O 9. O-O h6 10. Be3 c5 11. Qe2 c4 12. Bxc4 Nxe4 13. Bxh6 Nxc3 14. Qe3
Na4 15. Bg5 Qc7 16. Bb3 Nc3 17. Rfe1 e4 18. Nd2 Re8 19. f3 Qc5 20. fxe4 Qc6 21.
Bc4 Qb6 22. Kh1 Qa5 23. Bb3 Ne5 24. Bf4 Be6 25. Bxe5 Qxe5 26. Nf3 Qa5 27. e5
Nd5 28. Qe4 a6 29. Ng5 Kf8 30. Rf1 Ke7 31. Nxe6 fxe6 32. Qg6 Kd7 33. Bxd5 exd5
34. Qd6+ Kc8 35. Rf7 Rd8 36. Rf8 Ra7 37. Raf1 g6 38. Rxd8+ Qxd8 39. Rf8 Qxf8
40. Qxf8+ Kd7 41. Qd6+ Kc8 42. e6 b5 43. e7 Rxe7 44. Qxe7 a5 45. h4 b4 46. g4
a4 47. h5 b3 48. cxb3 gxh5 49. gxh5 a3 50. h6 Kb8 51. h7 Kc8 52. h8=Q# {
Hossa checkmated} 1-0

[Event "ICS rated blitz match"]
[Site "207.99.83.229"]
[Date "1999.07.12"]
[Round "?"]
[White "Hossa"]
[Black "inmortal"]
[Result "1-0"]
[WhiteElo "2508"]
[BlackElo "2447"]
[PlyCount "101"]
[EventDate "1999.??.??"]

1. d4 Nf6 2. c4 g6 3. Nc3 Bg7 4. e4 d6 5. f3 O-O 6. Be3 e5 7. Nge2 Nc6 8. d5
Ne7 9. Qd2 Nd7 10. O-O-O f5 11. Bh6 a6 12. Ng3 f4 13. Bxg7 Kxg7 14. Nge2 Nf6
15. g3 Nh5 16. g4 Nf6 17. g5 Nd7 18. h4 Rf7 19. h5 Ng8 20. hxg6 hxg6 21. Bh3
Qxg5 22. Be6 Re7 23. Rdg1 Qf6 24. Bf5 Nf8 25. Bxc8 Rxc8 26. Qc2 Qf7 27. Rg2 Qe8
28. Rgh2 Qd7 29. Rh8 Nf6 30. R8h3 Kg8 31. Qb3 b6 32. Qa3 a5 33. Rh8+ Kg7 34. c5
N6h7 35. c6 Qe8 36. R1xh7+ Nxh7 37. Rxe8 Rcxe8 38. Nb5 Ng5 39. Kb1 Rh8 40. Nxc7
Rh1+ 41. Nc1 Rxc7 42. Qxd6 Rf7 43. c7 Rh8 44. Qxe5+ Kh7 45. Qxh8+ Kxh8 46.
c8=Q+ Kg7 47. d6 Nxf3 48. d7 Nd2+ 49. Kc2 Nxe4 50. d8=Q Nf6 51. Qh8# {
inmortal checkmated} 1-0